Buffalo Springfield-For What It's Worth (Lyrics) - Statistics

General Stats
  • This quiz has been taken 79 times
  • The average score is 140 of 197
Answer Stats
Lyrics % Correct
I
100%
What
100%
The
98%
A
97%
That
97%
Going
95%
So
95%
Sound?
95%
Sound
95%
What's
95%
Everybody
94%
It
94%
Stop
94%
Down?
90%
Down
90%
Look,
90%
Look
90%
Men
90%
Me
89%
There
89%
Gun
87%
Man
87%
Over
86%
There's
86%
With
86%
In
84%
To
84%
For
81%
"For"
81%
Is
81%
It's
81%
Hey,
79%
You
79%
Beware
78%
Clear
78%
Got
78%
Something
78%
Ain't
76%
And
76%
Exactly
76%
Happening
76%
Here
76%
We
76%
Telling
73%
Children,
71%
People
71%
Time
67%
Say
63%
If
62%
Day
60%
Think
59%
Street
57%
But
56%
Heat
56%
Right
56%
Thousand
56%
Field
54%
From
54%
Line,
54%
"Our"
52%
Their
51%
Everybody's
49%
Much
49%
When
49%
Wrong
49%
Behind
48%
Resistance
48%
Take
48%
Your
48%
Being
46%
Better
46%
Drawn
46%
Nobody's
46%
"Side"
46%
Young
46%
Lines
44%
Signs
44%
Away
43%
Of
43%
Carrying
41%
Minds
41%
Speaking
41%
Come
40%
Getting
40%
Into
40%
Now,
40%
Singing
40%
Songs
40%
Will
40%
"Hooray"
38%
Mostly
37%
Out
37%
Paranoia
35%
Battle
33%
You're
33%
Deep
32%
Strikes
32%
Creep
30%
Step
29%
Afraid
27%
Always
27%
Life
27%
Starts
27%
(Ooh)
14%
No matching quizzes found
Score Distribution
Percent of People with Each Score
Percentile by Number Answered
Your Score History
You have not taken this quiz